[Event "Bangabandhu-chT"]
[Site "Dhaka"]
[Date "2024.02.04"]
[Round "4.1"]
[White "Mohammad, Minhaz Uddin"]
[Black "Rahman, Syed Mahfuzur"]
[Result "1/2-1/2"]
[WhiteElo "2240"]
[BlackElo "2164"]
[PlyCount "84"]
[EventDate "2024.02.01"]
[EventType "team-tourn"]
[EventRounds "11"]
[EventCountry "BAN"]
[SourceTitle "CB06_2024"]
[SourceDate "2024.02.07"]
[SourceVersion "1"]
[SourceVersionDate "2024.02.07"]
[SourceQuality "1"]
[WhiteTeam "Bangladesh Navy"]
[BlackTeam "Janata Bank Welfare Society"]
[WhiteTeamCountry "BAN"]
[BlackTeamCountry "BAN"]

1. e4 c5 2. Nf3 d6 3. d4 cxd4 4. Nxd4 Nf6 5. f3 e5 6. Bb5+ Bd7 7. Bxd7+ Qxd7 8. Nf5 d5 9. Bg5 dxe4 10. Bxf6 gxf6 11. fxe4 Qxd1+ 12. Kxd1 Rg8 13. g3 Nc6 14. c3 Rd8+ 15. Nd2 Ne7 16. Kc2 h5 17. Rae1 Rg4 18. Nxe7 Kxe7 19. Nf3 Bh6 20. Re2 Bg5 21. Rg1 h4 22. gxh4 Rxg1 23. Nxg1 Bxh4 24. Nf3 Bg5 25. Rg2 Rh8 26. h4 Bf4 27. c4 f5 28. exf5 Kf6 29. b4 Kxf5 30. Rg7 Kf6 31. Rg1 e4 32. Ng5 Kf5 33. Nxf7 Rxh4 34. c5 Rh2+ 35. Kc3 Rxa2 36. Nd8 e3 37. Nxb7 e2 38. Nd6+ Ke6 39. Nb5 Bd2+ 40. Kb3 e1Q 41. Rxe1+ Bxe1 42. Kxa2 Bxb4 1/2-1/2

[Event "Dhaka op"]
[Site "Dhaka"]
[Date "2024.01.22"]
[Round "8"]
[White "Mohammad, Javed"]
[Black "Rahman, Syed Mahfuzur"]
[Result "0-1"]
[WhiteElo "2088"]
[BlackElo "2087"]
[PlyCount "94"]
[EventDate "2024.01.15"]
[EventType "swiss"]
[EventRounds "9"]
[EventCountry "BAN"]
[SourceTitle "CB05_2024"]
[SourceDate "2024.01.31"]
[SourceVersion "1"]
[SourceVersionDate "2024.01.31"]
[SourceQuality "1"]

1. d4 d5 2. Nf3 Nf6 3. c4 e6 4. Nc3 Nbd7 5. e3 c6 6. Qc2 Bd6 7. Bd3 0-0 8. 0-0 Re8 9. Rd1 Qe7 10. e4 dxe4 11. Bxe4 h6 12. h3 Nxe4 13. Nxe4 Bc7 14. Bd2 c5 15. Bc3 b6 16. dxc5 bxc5 17. Qa4 Nb6 18. Qc2 e5 19. Ba5 Bb7 20. Ne1 Rad8 21. Bxb6 axb6 22. Nc3 e4 23. Rxd8 Rxd8 24. Rd1 Rxd1 25. Nxd1 f5 26. Ne3 f4 27. Nd5 Bxd5 28. cxd5 Qe5 29. Qc4 Kf8 30. f3 exf3 31. Nxf3 Qxb2 32. Qa6 Qa1+ 33. Kf2 Qf6 34. Qc8+ Qd8 35. Qf5+ Qf6 36. Qc8+ Qd8 37. Qf5+ Kg8 38. Qe6+ Kh7 39. Qf5+ Kg8 40. Qe6+ Kh7 41. Qf5+ Kh8 42. Ne5 Bxe5 43. Qxe5 c4 44. d6 c3 45. Qxf4 c2 46. d7 Qxd7 47. Qc4 Qd2+ 0-1

[Event "Dhaka op"]
[Site "Dhaka"]
[Date "2024.01.20"]
[Round "6"]
[White "Subrota, Biswas"]
[Black "Rahman, Syed Mahfuzur"]
[Result "1-0"]
[WhiteElo "2223"]
[BlackElo "2087"]
[PlyCount "123"]
[EventDate "2024.01.15"]
[EventType "swiss"]
[EventRounds "9"]
[EventCountry "BAN"]
[SourceTitle "CB05_2024"]
[SourceDate "2024.01.31"]
[SourceVersion "1"]
[SourceVersionDate "2024.01.31"]
[SourceQuality "1"]

1. e4 c5 2. Nf3 Nc6 3. Bb5 g6 4. 0-0 Bg7 5. c3 e5 6. d4 exd4 7. cxd4 cxd4 8. Bf4 a6 9. Ba4 Nge7 10. Bd6 b5 11. Bb3 0-0 12. a4 Bb7 13. Nbd2 Na5 14. Ba2 Bc6 15. axb5 axb5 16. Ne5 Nb7 17. Nxf7 Rxf7 18. Bxe7 Qxe7 19. Bxf7+ Kxf7 20. Rxa8 Nc5 21. Rc8 Bb7 22. Qf3+ Bf6 23. Rc7 Qe5 24. Qg3 Bc6 25. Ra7 Qxg3 26. fxg3 Ke7 27. Ra3 Bg5 28. Nf3 Be3+ 29. Rxe3 dxe3 30. Re1 Nd3 31. Re2 Kf6 32. b3 Bxe4 33. Rxe3 d5 34. Kf1 b4 35. Ke2 Nc5 36. Kd2 g5 37. g4 h6 38. g3 Nd7 39. Nd4 Ne5 40. h3 Bg2 41. Re2 Bxh3 42. Rh2 Bxg4 43. Rxh6+ Ng6 44. Rh7 Ne7 45. Rh6+ Ng6 46. Ke3 Kg7 47. Rh1 Ne5 48. Ra1 Bd7 49. Ra6 Ng4+ 50. Kf3 Nf6 51. Rb6 Bg4+ 52. Kg2 Ne4 53. Rb5 Nc3 54. Rxb4 Kf6 55. Nc6 Bd7 56. Rb6 Kf5 57. Kf3 g4+ 58. Ke3 Ne4 59. Nd4+ Ke5 60. Rb7 Bc8 61. Rc7 Ba6 62. Rc6 1-0

[Event "Bhubaneswar op-A 14th"]
[Site "Bhubaneswar"]
[Date "2023.06.15"]
[Round "6"]
[White "Nihal, Swarna"]
[Black "Rahman, Syed Mahfuzur"]
[Result "1-0"]
[WhiteElo "1717"]
[BlackElo "2161"]
[PlyCount "71"]
[EventDate "2023.06.11"]
[EventType "swiss"]
[EventRounds "10"]
[EventCountry "IND"]
[SourceTitle "CBM 214 Extra"]
[Source "ChessBase"]
[SourceDate "2023.07.31"]
[SourceVersion "1"]
[SourceVersionDate "2023.07.31"]
[SourceQuality "1"]

1. d4 d5 2. c4 e6 3. Nf3 Nf6 4. g3 dxc4 5. Bg2 Bd7 6. Ne5 Nc6 7. Nxc4 Bb4+ 8. Bd2 Qe7 9. a3 Bxd2+ 10. Qxd2 0-0 11. 0-0 Rfd8 12. e3 Rab8 13. Rc1 a6 14. Na5 Nd5 15. Nc3 Nxa5 16. Nxd5 exd5 17. Qxa5 c6 18. Qb6 h5 19. b4 h4 20. Bh1 Bf5 21. Qc5 Qe6 22. Re1 g5 23. f3 f6 24. e4 Bg6 25. Qc3 Rd7 26. Rad1 dxe4 27. fxe4 Rbd8 28. d5 Qe5 29. Qxe5 fxe5 30. Rc1 Rd6 31. Bf3 cxd5 32. exd5 e4 33. Bxe4 Bxe4 34. Rxe4 Rxd5 35. Rc7 hxg3 36. hxg3 1-0

[Event "Bhubaneswar op-A 14th"]
[Site "Bhubaneswar"]
[Date "2023.06.13"]
[Round "4"]
[White "Aarush, Rajesh"]
[Black "Rahman, Syed Mahfuzur"]
[Result "0-1"]
[WhiteElo "1548"]
[BlackElo "2161"]
[PlyCount "72"]
[EventDate "2023.06.11"]
[EventType "swiss"]
[EventRounds "10"]
[EventCountry "IND"]
[SourceTitle "CBM 214 Extra"]
[Source "ChessBase"]
[SourceDate "2023.07.31"]
[SourceVersion "1"]
[SourceVersionDate "2023.07.31"]
[SourceQuality "1"]

1. d4 d5 2. Nc3 Bf5 3. f3 Nf6 4. g4 Bc8 5. Bf4 e6 6. Qd2 Bb4 7. 0-0-0 a6 8. e3 b5 9. Bd3 Bb7 10. Nge2 c5 11. dxc5 Nbd7 12. Nd4 Bxc5 13. Nb3 Be7 14. a4 bxa4 15. Nxa4 Bc6 16. Nc3 Bb4 17. h4 e5 18. Bg3 a5 19. Qf2 a4 20. Na2 Be7 21. Nd2 Qb6 22. e4 Bc5 23. Qe2 Rb8 24. b3 Ba3+ 25. Kb1 axb3 26. cxb3 Qd4 27. Nc4 Rxb3+ 28. Kc2 Rb2+ 29. Kc1 Rxe2+ 30. Kb1 Rb2+ 31. Ka1 Rb7+ 32. Nc3 Qxc3+ 33. Ka2 Rb2+ 34. Ka1 Rc2+ 35. Kb1 Qb3+ 36. Ka1 Ra2# 0-1

[Event "Bhubaneswar op-A 14th"]
[Site "Bhubaneswar"]
[Date "2023.06.13"]
[Round "3"]
[White "Rahman, Syed Mahfuzur"]
[Black "Mitul, KH."]
[Result "1-0"]
[WhiteElo "2161"]
[BlackElo "1686"]
[PlyCount "177"]
[EventDate "2023.06.11"]
[EventType "swiss"]
[EventRounds "10"]
[EventCountry "IND"]
[SourceTitle "CBM 214 Extra"]
[Source "ChessBase"]
[SourceDate "2023.07.31"]
[SourceVersion "1"]
[SourceVersionDate "2023.07.31"]
[SourceQuality "1"]

1. d4 d5 2. c4 e6 3. Nc3 Nf6 4. Bg5 Be7 5. Nf3 0-0 6. e3 h6 7. Bh4 Ne4 8. Bxe7 Qxe7 9. Bd3 Nxc3 10. bxc3 dxc4 11. Bxc4 c5 12. 0-0 Rd8 13. Qe2 Nc6 14. Rfd1 b6 15. e4 Bb7 16. Rd2 Na5 17. Ba6 Bxa6 18. Qxa6 cxd4 19. cxd4 Rac8 20. Rad1 Rc3 21. h3 Qc7 22. Qe2 Nb7 23. d5 exd5 24. exd5 Nd6 25. Nd4 Re8 26. Qg4 Re4 27. Qh5 Kh7 28. Rf1 g6 29. Qd1 a6 30. Nc6 b5 31. Rd4 Rc4 32. Rd2 Rc3 33. Re1 Rcc4 34. Rde2 Rxe2 35. Rxe2 Qc8 36. Qd3 Rc1+ 37. Kh2 Nf5 38. g3 Qc7 39. Qd2 Rc4 40. Re8 Nd6 41. Ra8 Qb6 42. Qb2 Rc3 43. Rh8+ Kxh8 44. Qxc3+ Kg8 45. Kg2 b4 46. Qxb4 Qc7 47. Qb8+ Qxb8 48. Nxb8 a5 49. Kf3 Kf8 50. Ke3 Nb7 51. Nc6 Ke8 52. Kd4 f5 53. a4 Kd7 54. f4 Kd6 55. Na7 Kd7 56. g4 g5 57. fxg5 hxg5 58. Nb5 Ke7 59. Kc4 Kd7 60. Kd4 Ke7 61. Nc7 Kd7 62. Ne6 Nd6 63. Nc5+ Ke7 64. Ne4 Nb7 65. Ng3 Kd7 66. Nxf5 Kc7 67. Nh6 Nd6 68. Ng8 Ne8 69. Ke4 Nd6+ 70. Kd4 Ne8 71. Kc5 Kd7 72. Kb5 Kd6 73. Kxa5 Kc5 74. d6 Nxd6 75. Nf6 Nc4+ 76. Ka6 Nd6 77. a5 Kc6 78. Ka7 Kc7 79. Nd5+ Kc6 80. Ne7+ Kc7 81. Nf5 Nc4 82. Ka6 Kc6 83. Nd4+ Kd5 84. Nf3 Ke4 85. Nxg5+ Kf4 86. Nf7 Ne3 87. Kb7 Nc4 88. a6 Na5+ 89. Kc7 1-0

[Event "Asia zt 3.2"]
[Site "Dhaka"]
[Date "2023.05.05"]
[Round "4"]
[White "Muhammed, Shuaau"]
[Black "Rahman, Syed Mahfuzur"]
[Result "0-1"]
[WhiteElo "1998"]
[BlackElo "2139"]
[PlyCount "102"]
[EventDate "2023.05.02"]
[EventType "swiss"]
[EventRounds "9"]
[EventCountry "BAN"]
[SourceTitle "CBM 214 Extra"]
[Source "ChessBase"]
[SourceDate "2023.07.31"]
[SourceVersion "1"]
[SourceVersionDate "2023.07.31"]
[SourceQuality "1"]

1. e4 c5 2. Nf3 d6 3. d4 cxd4 4. Nxd4 Nf6 5. Nc3 a6 6. f3 e5 7. Nb3 Be6 8. Be3 Be7 9. Qd2 Nbd7 10. g4 Nb6 11. g5 Nbd7 12. 0-0-0 Rc8 13. Kb1 Qc7 14. h4 0-0 15. h5 Rfd8 16. Rh2 d5 17. exd5 Nxd5 18. Nxd5 Bxd5 19. Qf2 Be6 20. Bd3 a5 21. g6 a4 22. Nc1 a3 23. gxh7+ Kh8 24. Rg1 axb2 25. Nb3 Qd6 26. Qg3 Bf6 27. Be4 Qa3 28. c4 Bxc4 29. Rxb2 Nf8 30. Bg5 Qe7 31. Bxf6 Qxf6 32. Bxb7 Bd3+ 33. Ka1 Rc7 34. Be4 Bxe4 35. fxe4 Ne6 36. Rf2 Nf4 37. Qe3 Rcd7 38. Rc1 Rd3 39. Qa7 Kxh7 40. Rfc2 Rd1 41. a4 Qe6 42. Qb7 R1d3 43. Rb1 R3d7 44. Qb5 Nd3 45. Rd2 Qd6 46. Rbd1 Rb8 47. Qd5 Qa3+ 48. Ra2 Qxb3 49. Qxb3 Rxb3 50. a5 Ra7 51. Rdd2 f6 0-1

[Event "Asia zt 3.2"]
[Site "Dhaka"]
[Date "2023.05.02"]
[Round "1"]
[White "Marzouq, Chowdhury"]
[Black "Rahman, Syed Mahfuzur"]
[Result "1/2-1/2"]
[WhiteElo "1783"]
[BlackElo "2139"]
[PlyCount "219"]
[EventDate "2023.05.02"]
[EventType "swiss"]
[EventRounds "9"]
[EventCountry "BAN"]
[SourceTitle "CBM 214 Extra"]
[Source "ChessBase"]
[SourceDate "2023.07.31"]
[SourceVersion "1"]
[SourceVersionDate "2023.07.31"]
[SourceQuality "1"]

1. d4 d5 2. c4 c6 3. Nc3 Nf6 4. cxd5 cxd5 5. Nf3 Nc6 6. Bf4 a6 7. e3 Bf5 8. Bd3 Bxd3 9. Qxd3 e6 10. 0-0 Be7 11. h3 0-0 12. Rfc1 Rc8 13. Ne5 Nxe5 14. Bxe5 Nd7 15. Bg3 Nb6 16. b3 Ba3 17. Rc2 Qd7 18. Rd1 h6 19. f3 Rc6 20. Ne2 Rxc2 21. Qxc2 Rc8 22. Qd3 Qc6 23. Rd2 a5 24. e4 Bb4 25. Rb2 Ba3 26. Rd2 Nd7 27. e5 Nb8 28. f4 g6 29. Bh4 Bb4 30. Rb2 Ba3 31. Rd2 Na6 32. Bf6 Bb4 33. Rb2 Bf8 34. g4 Nb4 35. Qd2 Qa6 36. f5 Qd3 37. fxe6 fxe6 38. Qxd3 Nxd3 39. Rd2 Nb4 40. Nf4 Kf7 41. Nd3 Rc2 42. Rxc2 Nxc2 43. Bd8 Nxd4 44. Bxa5 Bg7 45. Kf2 Nc6 46. Bc7 Bf8 47. Bb6 Nb4 48. Nxb4 Bxb4 49. a4 Ke7 50. Be3 h5 51. gxh5 gxh5 52. Bd4 Kf7 53. Kf3 Kg6 54. Kf4 Bd2+ 55. Be3 Bb4 56. Bd4 Be7 57. Be3 Bg5+ 58. Kf3 Be7 59. Kf4 Bf8 60. Bd4 Bh6+ 61. Kf3 Kf5 62. b4 Bf4 63. b5 Bd2 64. Bb6 Kxe5 65. a5 Kd6 66. a6 bxa6 67. bxa6 Kc6 68. a7 Kb7 69. Ke2 Bf4 70. Kd3 Bg3 71. Bc5 e5 72. Bb6 Bh2 73. Bc5 Bg3 74. Bb6 Be1 75. Ke2 Bb4 76. Kd3 Be1 77. Ke2 Bc3 78. Kd3 Ba1 79. Bc5 Ka8 80. Ke3 Bb2 81. Kd3 Kb7 82. Bb6 Ba3 83. Ke3 Bd6 84. Kd3 Bb4 85. Ke3 Bf8 86. Kd3 Bh6 87. Bc5 Bf4 88. Bb6 Bg3 89. Bc5 Ka8 90. Bb6 Kb7 91. Bc5 Bh4 92. Bb6 Be7 93. Ke3 Bg5+ 94. Kd3 Bh4 95. Bc5 Bd8 96. Ke3 Ba5 97. Kd3 Bd8 98. Ke3 Bc7 99. Kd3 Ka8 100. Ke3 Bd8 101. Kd3 h4 102. Ke3 Bg5+ 103. Kd3 Bf4 104. Bb6 Bh2 105. Bc5 d4 106. Bxd4 exd4 107. Kxd4 Kxa7 108. Ke3 Kb6 109. Kf2 Bc7 110. Kg2 1/2-1/2

[Event "BAN-chB 47th"]
[Site "Dhaka"]
[Date "2022.10.27"]
[Round "1"]
[White "Rahman, Syed Mahfuzur"]
[Black "Md Zaber, Al Hamid"]
[Result "1-0"]
[WhiteElo "2130"]
[BlackElo "1752"]
[PlyCount "185"]
[EventDate "2022.10.27"]
[EventType "swiss"]
[EventRounds "11"]
[EventCountry "BAN"]
[SourceTitle "EXT 2024"]
[Source "ChessBase"]
[SourceDate "2023.10.10"]
[SourceVersion "1"]
[SourceVersionDate "2023.10.10"]
[SourceQuality "1"]

1. d4 Nf6 2. Nf3 e6 3. c4 c5 4. Nc3 cxd4 5. Nxd4 a6 6. e4 Bb4 7. Nc2 Bxc3+ 8. bxc3 Nxe4 9. Qg4 f5 10. Qxg7 Qf6 11. Qxf6 Nxf6 12. c5 Ne4 13. Be3 Rg8 14. Bd4 d6 15. cxd6 Nxd6 16. 0-0-0 Bd7 17. Be2 Ne4 18. Bh5+ Ke7 19. f3 Rg5 20. g4 fxg4 21. fxg4 Nc6 22. Rhf1 Be8 23. h4 Rg8 24. Bxe8 Raxe8 25. g5 Nxd4 26. Nxd4 Nxc3 27. Rde1 Kd6 28. Rf7 Nxa2+ 29. Kb2 Nb4 30. Rd1 Nd5 31. Rxh7 b5 32. Ra7 Ra8 33. Rxa8 Rxa8 34. h5 Rh8 35. h6 Ke5 36. Nc6+ Kf5 37. Rg1 e5 38. g6 Rxh6 39. g7 Nf6 40. Rf1+ Kg6 41. Ne7+ Kh7 42. Rxf6 Rh2+ 43. Kc3 Kxg7 44. Rxa6 Kf7 45. Nf5 Rh8 46. Rb6 Rh5 47. Nd6+ Ke6 48. Nxb5+ Kd5 49. Nc7+ Kc5 50. Rb1 Rh3+ 51. Kd2 Kc4 52. Rc1+ Kd4 53. Nb5+ Kd5 54. Nc3+ Kd4 55. Ne2+ Kd5 56. Ra1 Rh2 57. Ra5+ Ke4 58. Ra4+ Kf3 59. Ra3+ Ke4 60. Re3+ Kd5 61. Kd3 Rh8 62. Rg3 Ra8 63. Nc3+ Ke6 64. Ke4 Rf8 65. Nd5 Rf1 66. Rg6+ Kf7 67. Ra6 Re1+ 68. Kf5 Rf1+ 69. Kxe5 Re1+ 70. Kf5 Rf1+ 71. Nf4 Ke7 72. Ra2 Kd6 73. Ra5 Rc1 74. Nd3 Rf1+ 75. Ke4 Rh1 76. Ra6+ Ke7 77. Nc5 Re1+ 78. Kf5 Rf1+ 79. Ke5 Re1+ 80. Ne4 Kd7 81. Rd6+ Ke7 82. Rd3 Kf7 83. Rg3 Re2 84. Rg1 Ra2 85. Nd6+ Ke7 86. Rg7+ Kf8 87. Rf7+ Kg8 88. Rd7 Re2+ 89. Kf6 Rf2+ 90. Nf5 Rf1 91. Rc7 Rf2 92. Rc1 Rf3 93. Kg6 1-0

[Event "Dhaka Marcel op"]
[Site "Dhaka"]
[Date "2022.04.27"]
[Round "9"]
[White "Rahman, Syed Mahfuzur"]
[Black "Abdul, Momin"]
[Result "1-0"]
[WhiteElo "2113"]
[BlackElo "1916"]
[PlyCount "75"]
[EventDate "2022.04.19"]
[EventType "swiss"]
[EventRounds "9"]
[EventCountry "BAN"]
[SourceTitle "EXT 2023"]
[Source "ChessBase"]
[SourceDate "2022.10.05"]
[SourceVersion "1"]
[SourceVersionDate "2022.10.05"]
[SourceQuality "1"]

1. d4 d5 2. c4 e6 3. Nc3 Nf6 4. Bg5 Be7 5. e3 b6 6. cxd5 exd5 7. Nf3 0-0 8. Bd3 Nbd7 9. Ne5 Bb7 10. Qa4 Nxe5 11. dxe5 Nd7 12. Qh4 f5 13. Bxe7 Qe8 14. Bxf8 Nxe5 15. Bxf5 g6 16. Qf6 Qxf8 17. Be6+ Nf7 18. Nxd5 Bxd5 19. Bxd5 Qb4+ 20. Qc3 Qxc3+ 21. bxc3 Rd8 22. 0-0-0 Rf8 23. Rd4 g5 24. h4 Kg7 25. Bxf7 Rxf7 26. f3 c5 27. Rg4 h6 28. hxg5 hxg5 29. Rxg5+ Kf6 30. f4 Ke6 31. Rh6+ Kd7 32. Rhg6 Rf8 33. Rg8 Rf6 34. R5g7+ Ke6 35. Rg6 Rxg6 36. Rxg6+ Kf5 37. Rg5+ Ke4 38. Kd2 1-0

[Event "Dhaka Marcel op"]
[Site "Dhaka"]
[Date "2022.04.20"]
[Round "2"]
[White "Tahmidul, Haque"]
[Black "Rahman, Syed Mahfuzur"]
[Result "0-1"]
[WhiteElo "1811"]
[BlackElo "2113"]
[PlyCount "58"]
[EventDate "2022.04.19"]
[EventType "swiss"]
[EventRounds "9"]
[EventCountry "BAN"]
[SourceTitle "EXT 2023"]
[Source "ChessBase"]
[SourceDate "2022.10.05"]
[SourceVersion "1"]
[SourceVersionDate "2022.10.05"]
[SourceQuality "1"]

1. e4 c5 2. Nf3 d6 3. d4 cxd4 4. Nxd4 Nf6 5. Nc3 a6 6. Bg5 Nc6 7. Nxc6 bxc6 8. f4 Qb6 9. Qd2 Qxb2 10. Rb1 Qa3 11. Be2 e6 12. 0-0 Be7 13. Kh1 0-0 14. Bd3 e5 15. f5 Re8 16. g4 Qa5 17. Be3 Bd8 18. g5 Nh5 19. Bc4 Nf4 20. Bxf4 exf4 21. g6 hxg6 22. fxg6 Be6 23. gxf7+ Bxf7 24. Bxf7+ Kxf7 25. Rb7+ Kg8 26. Qxf4 Bf6 27. Rf3 Qe5 28. Qg4 d5 29. Qd7 Qe6 0-1

[Event "Dhaka Walton op"]
[Site "Dhaka"]
[Date "2022.04.04"]
[Round "1"]
[White "Tanvir, Alam1111"]
[Black "Rahman, Syed Mahfuzur"]
[Result "0-1"]
[WhiteElo "1605"]
[BlackElo "2113"]
[PlyCount "36"]
[EventDate "2022.04.04"]
[EventType "swiss"]
[EventRounds "9"]
[EventCountry "BAN"]
[SourceTitle "CBM 207 Extra"]
[Source "ChessBase"]
[SourceDate "2022.05.31"]
[SourceVersion "1"]
[SourceVersionDate "2022.05.31"]
[SourceQuality "1"]

1. d4 d5 2. c4 e6 3. Nf3 c6 4. Nc3 dxc4 5. e3 b5 6. g3 Bb7 7. Bg2 Nd7 8. Nd2 Qb6 9. a4 a6 10. b3 c5 11. d5 cxb3 12. Qxb3 b4 13. dxe6 Bxg2 14. exd7+ Kxd7 15. Rg1 Bb7 16. Qxf7+ Be7 17. Nc4 Qf6 18. Nd5 Qxf7 0-1

[Event "BAN-chT"]
[Site "Dhaka"]
[Date "2022.03.18"]
[Round "9.5"]
[White "Rahman, Syed Mahfuzur"]
[Black "Sadnan Hasan, Dihan"]
[Result "1-0"]
[WhiteElo "2107"]
[BlackElo "2132"]
[PlyCount "122"]
[EventDate "2022.03.10"]
[EventType "team-tourn"]
[EventRounds "11"]
[EventCountry "BAN"]
[SourceTitle "CBM 207 Extra"]
[Source "ChessBase"]
[SourceDate "2022.05.31"]
[SourceVersion "1"]
[SourceVersionDate "2022.05.31"]
[SourceQuality "1"]
[WhiteTeam "Janata Bank Officer Welfare"]
[BlackTeam "Rupali Bank Krira Parisad"]
[WhiteTeamCountry "BAN"]
[BlackTeamCountry "BAN"]

1. d4 d6 2. c4 g6 3. Nc3 Bg7 4. Nf3 e6 5. e4 Ne7 6. Be2 a6 7. 0-0 Nd7 8. Re1 b6 9. a4 a5 10. Bg5 h6 11. Be3 Bb7 12. Qd2 Kf8 13. Rad1 Qc8 14. h3 Kg8 15. h4 Kh7 16. h5 g5 17. Nh2 Rd8 18. f4 gxf4 19. Bxf4 e5 20. dxe5 dxe5 21. Bg4 Bc6 22. Nd5 Bxd5 23. exd5 f5 24. Qc2 Rf8 25. Nf3 Kg8 26. Bh3 e4 27. Qd2 Rf6 28. d6 cxd6 29. Bxd6 Rxd6 30. Qxd6 Qc5+ 31. Kh1 Qxd6 32. Rxd6 Nc5 33. Nd2 Nxa4 34. b3 Nc5 35. Rxb6 Bc3 36. Re2 Rd8 37. Nf1 Rd1 38. g3 Rb1 39. Kg2 a4 40. Ne3 Rxb3 41. Rb5 Ne6 42. Ra2 Nd4 43. Re5 Nec6 44. Re8+ Kf7 45. Ra8 Bb4 46. Nxf5 a3 47. Rf2 Nf3 48. Bg4 Nce5 49. Nd4 Nxg4 50. Nxb3 Ne3+ 51. Kh1 Ng4 52. Re2 e3 53. Ra4 Bf8 54. c5 Nfe5 55. Rxa3 Ke6 56. Ra8 Be7 57. Re8 Kd7 58. Ra8 Ke6 59. Nd4+ Kd5 60. c6 Bd6 61. Nf5 Be7 1-0